Catálogo

Microbiología : (Registro nro. 34670)

Detalles MARC
000 -LEADER
fixed length control field 00919cam a2200265 i 4500
001 - CONTROL NUMBER
control field 34670
003 - CONTROL NUMBER IDENTIFIER
control field Mx-PuUPA
005 - DATE AND TIME OF LATEST TRANSACTION
control field 20230414123606.0
008 - FIXED-LENGTH DATA ELEMENTS--GENERAL INFORMATION
fixed length control field 140415s1969 sp a fr 001 0 spa d
040 ## - CATALOGING SOURCE
Original cataloging agency Mx-PuUPA
Language of cataloging spa
Transcribing agency Mx-PuUPA
Modifying agency Mx-PuUPA
Description conventions rda
041 1# - LANGUAGE CODE
Language code of text/sound track or separate title spa
Language code of original eng
100 1# - MAIN ENTRY--PERSONAL NAME
Personal name Frobisher, Martin,
Dates associated with a name 1896-1984
Relator term autor
9 (RLIN) 10024
240 1# - UNIFORM TITLE
Uniform title Fundamentals of microbiology.
Language of a work Español
245 10 - TITLE STATEMENT
Title Microbiología :
Remainder of title introducción a los mircroorganismos con una referencia especial a los procariones /
Statement of responsibility, etc. Martin Frobish
250 ## - EDITION STATEMENT
Edition statement Cuarta edición
264 #4 - PRODUCTION, PUBLICATION, DISTRIBUTION, MANUFACTURE, AND COPYRIGHT NOTICE
Place of production, publication, distribution, manufacture Barcelona, España :
Name of producer, publisher, distributor, manufacturer Salvat Editores,
Date of production, publication, distribution, manufacture, or copyright notice ©1969
300 ## - PHYSICAL DESCRIPTION
Extent xvi, 743 páginas :
Other physical details ilustraciones ;
Dimensions 24 cm
336 ## - CONTENT TYPE
Content type term texto
Fuente rdacontent
Content type code txt
337 ## - MEDIA TYPE
Media type term sin medio
Source rdamedia
Media type code n
338 ## - CARRIER TYPE
Carrier type term volumen
Source rdacarrier
Carrier type code nc
650 #4 - SUBJECT ADDED ENTRY--TOPICAL TERM
Topical term or geographic name entry element Microbiología
942 ## - ADDED ENTRY ELEMENTS (KOHA)
Source of classification or shelving scheme Dewey Decimal Classification
Koha item type Libro
Classification part 579
Item part F922
Existencias
Withdrawn status Lost status Source of classification or shelving scheme Damaged status Not for loan Collection code Home library Current library Shelving location Date acquired Source of acquisition Total Checkouts Total Renewals Full call number Barcode Date last seen Date last checked out Price effective from Koha item type
    Dewey Decimal Classification     General Biblioteca Karol Wojtyla Biblioteca Karol Wojtyla Sala general 03/12/2013 Compra 13 1 579 F922 1969 5244 06/02/2026 26/01/2026 03/12/2013 Libro